000 00397nmm a2200145Ia 4500
008 251105s9999||||xx |||||||||||||||||und||
041 _aspa
100 _aAmela, Víctor
245 0 _aAmor contra Roma
264 _a[Madrid, España] :
_bEdiciones B,
_c2015
300 _a328 páginas
650 _aHistorical fiction
856 _uhttps://public.digitaliapublishing.com/a/53411
942 _cCF
999 _c105636
_d105636